000 00631nam a22001815i 4500
001 170314
003 ES-MaACL
005 20230906214342.0
008 090223s1970 sp |||| | spa d
080 _a811.134.2'35
100 1 _aRosenblat, Angel.
_999732
245 1 4 _aLas nuevas normas ortográficas y prosódicas de la Academia Española /
_cAngel Rosenblat.
250 _a3ª ed.
260 _aMadrid :
_bOficina de Educación Iberoamericana,
_c[1970]
300 _a55 p. ;
_c21 cm.
650 1 4 _aLengua española-
_xOrtografía.
_914177
852 _aES-MaACL
_j2249-F-9
_9R.140887
_z.- Biblioteca Jacinto Martínez Lacalle
999 _c170314
_d170314